Inorganic chemistry a text book for advanced students (Record no. 227320)
[ view plain ]
| 000 -LEADER | |
|---|---|
| fixed length control field | 00473nam a22001697a 4500 |
| 005 - DATE AND TIME OF LATEST TRANSACTION | |
| control field | 20230520094946.0 |
| 008 - FIXED-LENGTH DATA ELEMENTS--GENERAL INFORMATION | |
| fixed length control field | 230520b ||||| |||| 00| 0 eng d |
| 040 ## - CATALOGING SOURCE | |
| Transcribing agency | AL |
| 041 ## - LANGUAGE CODE | |
| Language code of text/sound track or separate title | English |
| 082 ## - DEWEY DECIMAL CLASSIFICATION NUMBER | |
| Edition number | 23 |
| Classification number | 543/41 |
| Item number | BARI |
| 245 ## - TITLE STATEMENT | |
| Title | Inorganic chemistry a text book for advanced students |
| 260 ## - PUBLICATION, DISTRIBUTION, ETC. | |
| Name of publisher, distributor, etc. | Longman green and Co Ltd |
| Date of publication, distribution, etc. | 1962 |
| 650 ## - SUBJECT ADDED ENTRY--TOPICAL TERM | |
| Topical term or geographic name entry element | chemistry |
| 9 (RLIN) | 109894 |
| 700 ## - ADDED ENTRY--PERSONAL NAME | |
| Personal name | BARNETT (E De Barry) |
| 9 (RLIN) | 109895 |
| 700 ## - ADDED ENTRY--PERSONAL NAME | |
| Personal name | WILSON (C L) |
| 9 (RLIN) | 109896 |
| 942 ## - ADDED ENTRY ELEMENTS (KOHA) | |
| Source of classification or shelving scheme | Dewey Decimal Classification |
| Koha item type | Book Bank |
| Withdrawn status | Lost status | Source of classification or shelving scheme | Damaged status | Not for loan | Collection code | Home library | Current library | Shelving location | Date acquired | Total Checkouts | Full call number | Barcode | Date last seen | Price effective from | Koha item type |
|---|---|---|---|---|---|---|---|---|---|---|---|---|---|---|---|
| Discarded | Dewey Decimal Classification | Chemistry | St Aloysius Library | St Aloysius Library | UGC Book Bank | 05/20/2023 | 543/41 BARI | BB01507 | 05/20/2023 | 05/20/2023 | Book Bank | ||||
| Discarded | Dewey Decimal Classification | Chemistry | St Aloysius Library | St Aloysius Library | UGC Book Bank | 05/20/2023 | 543/56 BARI | BB01599 | 05/20/2023 | 05/20/2023 | Book Bank | ||||
| Discarded | Dewey Decimal Classification | Chemistry | St Aloysius Library | St Aloysius Library | UGC Book Bank | 05/20/2023 | 543/70 BARI | BB01860 | 05/20/2023 | 05/20/2023 | Book Bank | ||||
| Discarded | Dewey Decimal Classification | Chemistry | St Aloysius Library | St Aloysius Library | UGC Book Bank | 05/20/2023 | 543/57 BARI | BB01600 | 05/20/2023 | 05/20/2023 | Book Bank | ||||
| Discarded | Dewey Decimal Classification | Chemistry | St Aloysius Library | St Aloysius Library | UGC Book Bank | 06/12/2023 | 543/42 BARI | BB01508 | 06/12/2023 | 06/12/2023 | Book Bank | ||||
| Discarded | Dewey Decimal Classification | Chemistry | St Aloysius Library | St Aloysius Library | UGC Book Bank | 06/12/2023 | 543/43 BARI | BB01509 | 06/12/2023 | 06/12/2023 | Book Bank |